Understanding digital signal processing
Uloženo v:
| Hlavní autor: | |
|---|---|
| Médium: | Kniha |
| Jazyk: | angličtina |
| Vydáno: |
Boston
Pearson Education
2011
|
| Vydání: | 3a. ed |
| Témata: | |
| Tagy: |
Přidat tag
Žádné tagy, Buďte první, kdo vytvoří štítek k tomuto záznamu!
|
MARC
| LEADER | 00000cam a2200000 a 4500 | ||
|---|---|---|---|
| 001 | UCF0262 | ||
| 003 | CL-VaPUC | ||
| 008 | 120510e20110000US |||||||||||||||||eng|d | ||
| 020 | |a 9780137027415 | ||
| 082 | 0 | 4 | |a 621.3822 |b LYO |2 21 |
| 100 | |a Lyons, Richard G. |e autor |9 562138 | ||
| 245 | 1 | 0 | |a Understanding digital signal processing |
| 250 | |a 3a. ed | ||
| 300 | |a 954 p | ||
| 942 | |c BK | ||
| 945 | |d 20120510 00:00:00 |a cmena | ||
| 260 | |a Boston |b Pearson Education |c 2011 | ||
| 650 | 0 | |a Procesamiento de señales |9 260702 | |
| 650 | 7 | |a SEÑAL DIGITAL |2 CL-VaPUC |9 436553 | |
| 650 | 0 | |a Sistemas de comunicación |9 260934 | |
| 583 | |a last modification |c 20120928 04:56:48 |k Rodrigo Vera | ||
| 999 | |c 347699 |d 347697 | ||
| 952 | |0 0 |1 0 |4 0 |6 621_382200000000000_LYO_2011 |7 0 |8 A |9 449206 |a BIBING |b BIBING |d 2019-11-22 |i 486879K |o 621.3822 LYO 2011 |p 486879K |r 2025-01-20 |w 2019-11-22 |y BK |k EIE | ||
| 952 | |0 0 |1 0 |3 erd |4 0 |6 621_382200000000000_LYO_2011 |7 0 |8 A |9 449207 |a BIBING |b BIBING |i 5091136 |o 621.3822 LYO 2011 |p 5091136 |r 2025-01-20 |w 2019-11-22 |y BK |z Catalogado en:20140724 |k EIE | ||
| 952 | |0 0 |1 0 |3 erd |4 0 |6 621_382200000000000_LYO_2011 |7 0 |8 A |9 449208 |a BIBING |b BIBING |i 5458838 |l 1 |o 621.3822 LYO 2011 |p 5458838 |r 2025-01-20 |s 2024-06-07 |w 2019-11-22 |y BK |z Catalogado en:20180323 |k EIE | ||
| 952 | |0 0 |1 0 |3 erd |4 0 |6 621_382200000000000_LYO_2011 |7 0 |8 A |9 449209 |a BIBING |b BIBING |i 5458854 |o 621.3822 LYO 2011 |p 5458854 |r 2025-01-20 |w 2019-11-22 |y BK |z Catalogado en:20180323 |k EIE | ||
| 952 | |0 0 |1 0 |3 erd |4 0 |6 621_382200000000000_LYO_2011 |7 0 |8 A |9 449210 |a BIBING |b BIBING |i 5458846 |o 621.3822 LYO 2011 |p 5458846 |r 2025-01-20 |w 2019-11-22 |y BK |z Catalogado en:20180323 |k EIE | ||
| 952 | |0 0 |1 0 |3 erd |4 0 |6 621_382200000000000_LYO_2011 |7 0 |8 A |9 449211 |a BIBING |b BIBING |i 5458870 |o 621.3822 LYO 2011 |p 5458870 |r 2025-01-20 |w 2019-11-22 |y BK |z Catalogado en:20180323 |k EIE | ||
| 952 | |0 0 |1 0 |3 erd |4 0 |6 621_382200000000000_LYO_2011 |7 0 |8 A |9 449212 |a BIBING |b BIBING |i 5458862 |o 621.3822 LYO 2011 |p 5458862 |r 2025-01-20 |w 2019-11-22 |y BK |z Catalogado en:20180323 |k EIE | ||